000 00756nam a22002777b 4500
001 001987156
003 DO-SdBNP
005 20240912101146.0
007 001987156
008 180202b2001 xx a 00| 0 spa d
017 _b
035 _a
040 _aBPMSU
_bspa
_cBPMSU
_e
082 4 _a155.5
_bL257q 2001
_222
100 1 _aLandis, Mary M.
245 1 0 _aQuerida princesa /
_cMary M. Miller
260 _aEstados Unidos :
_bVara y Cayado,
_c2001
300 _a261 p. ;
_c25 cm
590 _aInventariado, 2024/VM
650 4 _aAdolescencia.
650 4 _aPsicología del adolescente
650 4 _aAdolescentes
_xRelaciones familiares
650 4 _aEducación religiosa
910 _aVMateo V. Control de caldiad. BPMSU
942 _2ddc
_cBK
999 _c9328
_d9328